Pokémon - Grand Quiz Général - Statistiques

Statistiques générales
  • Ce quiz a été pris 88 fois
    78 depuis la dernière actualisation
  • Le résultat moyen est 88 sur 153
Statistiques - réponses
Indice
Réponse % Correct
Une des entreprises créatrices de Pokémon Nintendo | Game Freak | The Pokémon Company
96%
Nombre de Pokémon provenants de la Première Génération 151
92%
Pays d’origine de Pokémon Japon
92%
Un jour je serai le […], je me battrai sans répit ! Meilleur Dresseur
92%
Souris électrique qui le suit depuis le début Pikachu
92%
Objet Rouge et Blanc permettant de capturer des Pokémon Pokéball
92%
Jeune protagoniste de l’anime Sacha
92%
Team de « Méchants » de la Première Génération Team Rocket | Rocket
92%
Un des starters de la Première Génération Carapuce | Salamèche | Bulbizarre
91%
Le professeur de la Première Génération Chen
89%
Nom d’un jeu de la Première Génération Rouge | Vert | Bleu | Rouge Feu | Vert Feuille | Let’s Go Pikachu | Let’s Go Évoli
89%
Version Améliorée Bleue et Rouge de celle-ci Superball
89%
Un des Oiseaux Légendaires Artikodin | Électhor | Sulfura
87%
Version encore améliorée Noire et Jaune de celle-ci Hyperball
87%
Région où se déroule la Première Génération Kanto
87%
Pokémon Légendaire issu de recherches Génétiques Mewtwo
83%
Année de création de Pokémon 1996
81%
Une des villes de cette région Bourg Palette | Jadielle | Argenta | Azuria | Carmin-sur-Mer | Lavanville | Céladopole | Safrania | Parmanie | Cramois’Île
79%
Nom d’un jeu de la Deuxième Génération Or | Argent | Cristal | Or HeartGold | Argent SoulSilver
79%
Un des Rivaux de la Première Génération Blue | Trace
77%
Un des Starters de la Deuxième Génération Kaiminus | Héricendre | Germignon
74%
Nom d’un jeu de la Quatrième Génération Diamant | Perle | Platine | Diamant Étincelant | Perle Scintillante | Legends Arceus
72%
Antagoniste Principal de la Première Génération Giovanni
72%
Un des Starters de la Troisième Génération Gobou | Poussifeu | Arcko
72%
Région où se déroule la Troisième Génération Hoenn
72%
Un des deux Oiseaux de Légendes Ho-Oh | Lugia
72%
Un des Pokémons Légendaires ancestraux Kyogre | Groudon | Rayquaza
72%
Un des Colosses Légendaires de Hoenn Regirock | Regice | Registeel
72%
Nom d’un jeu de la Troisième Génération Rubis | Saphir | Émeraude | Rubis Oméga | Saphir Alpha
72%
Un des Fauves Légendaires Suicune | Entei | Raikou
72%
Team des « Méchants » de la Troisième Génération Team Magma | Magma | Team Aqua | Aqua
72%
Région où se déroule la Deuxième Génération Johto
70%
Un Pokémon Légendaire du duo Éon Latios | Latias
70%
Un des Légendaires Gardien des L acs Créhelf | Créfadet | Créfollet
68%
Nom d’un jeu de la Cinquième Génération Noir | Blanc | Noir 2 | Blanc 2
68%
Team des « Méchants » de la Quatrième Génération Team Galaxie | Galaxie
68%
Team des « Méchants » de la Deuxième Génération Team Rocket | Rocket
68%
Un des Starters de la Quatrième Génération Tiplouf | Ouisticram | Tortipouss
68%
Nombre de Pokémon provenants de la Deuxième Génération 100
66%
Le Pokémon Légendaire Lunaire Cresselia
66%
Un des Pokémons Légendaires des Mythes Dialga | Palkia | Giratina
66%
Un des Starters de la Cinquième Génération Moustillon | Gruikui | Vipélierre
66%
Région où se déroule la Septième Génération Alola
64%
Le Pokémon Légendaire Volcan Heatran
64%
Un des Starters de la Septième Génération Otaquin | Flamiaou | Brindibou
64%
Nom d’un jeu de la Septième Génération Soleil | Lune | Ultra Soleil | Ultra Lune
64%
Team des « Méchants » de la Cinquième Génération Team Plasma | Plasma
64%
Nom d’un jeu de la Sixième Génération X | Y
64%
Un des Dragons Légendaires Zekrom | Reshiram | Kyurem | Kyurem Blanc | Kyurem Noir
64%
Un des Rivaux de la Troisième Génération Brice | Flora | Timmy
62%
Un des Pokémon Légendaires Cosmiques Cosmog | Cosmovum | Solgaleo | Lunala | Necrozma
62%
Un des Antagonistes Principaux de la Cinquième Génération Ghetis | N
62%
Le Pokémon Légendaire Roi des Colosses Regigigas
62%
Région où se déroule la Quatrième Génération Sinnoh
62%
Région où se déroule la Cinquième Génération Unys
62%
Un Pokémon Légendaires du Trio de la Vie Xerneas | Yveltal | Zygarde
62%
Un des Antagonistes Principaux de la Troisième Génération Arthur | Max
60%
Un des Starters de la Sixième Génération Grenousse | Feunnec | Marisson
60%
Une des Teams de « Méchants » de la Septième Génération Team Skull | Skull | Team Rainbow Rocket | Rainbow Rocket | La Fondation Æther | Æther
60%
Une des Divinités Gardiennes Tokorico | Tokopiyon | Tokotoro | Tokopisco
60%
Un des Pokémon Légendaires des Forces de la Nature Boréas | Fulguris | Démétéros | Amovénus
58%
Nom d’un jeu de la Huitième Génération Épée | Bouclier
58%
Antagoniste Principal de la Deuxième Génération Giovanni
58%
Un des Antagonistes Principaux de la Quatrième Génération Hélio | Pluton
58%
Région où se déroule la Sixième Génération Kalos
58%
Rival de la Deuxième Génération Silver
58%
Team des « Méchants » de la Sixième Génération Team Flare | Flare
58%
Rival de la Quatrième Génération Barry | René
57%
Une des villes de cette région Bonaugure | Littorella | Féli-Cité | Floraville | Charbourg | Vestigion | Bonville | Célestia | Voilaroc | Verchamps | Unionpolis | Joliberges | Frimapic | Rivamar
57%
Une des villes de cette région Bourg Croquis | Quarellis | Neuvartault | Illumis | Fort-Vanitas | Roche-sur-Gliffe | Relifac-le-Haut | Cromlac’h | Yantreizh | Port Tampères | Romant-sous-Bois | La Frescale | Flusselles | Mozheim | Auffrac-les-Congères | Batisques
57%
Une des villes de cette région Bourg-en-Vol | Rosyères | Clémenti-Ville | Mérouville | Village Myokara | Poivressel | Lavandia | Vergazon | Autéquia | Vermilava | Cimetronelle | Nénucrique | Algatia | Atalanopolis | Pacifiville | Éternara
57%
Un Pokémon Légendaires des Lames de la Justice Cobaltium | Terrakium | Viridium
57%
Un des Starters de la Huitième Génération Larméléon | Flambino | Ouistempo
57%
Une des Îles de la Septième Génération Mele-Mele | Akala | Ula-Ula | Poni
57%
Professeur de la Sixième Génération Platane
57%
Professeur de la Quatrième Génération Sorbier
57%
Nom d’un jeu de la Neuvième Génération Écarlate | Violet
55%
Région où se déroule la Huitième Génération Galar | Isolarmure | Courroneige
55%
Un des Pokémon Légendaires Héros de la Huitième Génération Zacian | Zamazenta
55%
Nombre de Pokémon provenants de la Cinquième Génération 156
53%
Le Pokémon Légendaire Giga Éthernatos
53%
Le professeur de la Septième Génération Euphorbe
53%
Professeur de la Cinquième Génération Keteleeria
53%
Particularité Régionale de la Sixième Génération Méga-Évolution | Méga-Gemme
53%
Le professeur de la Deuxième Génération Orme
53%
Un des Colosses Légendaires de Courroneige Regieleki | Regidrago
53%
Un des Rivaux de la Cinquième Génération Tcheren | Bianca | N | Matis
53%
Un des Rivaux de la Septième Génération Tili | Gladio
53%
Un des Pokémon Légendaires Kung-Fu Wushours | Shifours
53%
Une des villes de cette région Bourg Geon | Ville Griotte | Mauville | Écorcia | Doublonville | Rosalia | Oliville | Irisia | Acajou | Ebenelle
51%
Un des Starters de la Neuvième Génération Coiffeton | Chochodile | Poussacha
51%
Un des Antagonistes Principaux de la Septième Génération Guzma | Apocyne | Elsa-Mina | Saubohne | Vicky
51%
Un des Rivaux de la Sixième Génération Kalem | Serena | Sannah | Tierno | Trovato
51%
Antagoniste Principal de la Sixième Génération Lysandre
51%
Un des Champions d’Arène ou Membre du Conseil 4 de type Eau Ondine | Marc | Juan | Lovis | Noa | Alana | Donna | Kombu | Narcisse
51%
Région où se déroule la Neuvième Génération Paldea | Septentria
51%
Un des Champions d’Arène ou Membre du Conseil 4 de type Roche Pierre | Roxanne | Pierrick | Lino | Chaz | Alyxia
51%
Une des Évolitions Pyroli | Aquali | Voltali | Phyllali | Noctali | Givrali | Nymphali | Mentali
51%
Une des villes de cette région Renouet | Arabelle | Ogoesse | Maillard | Volucité | Méanville | Port Yoneuve | Parsemille | Flocombe | Janusia | Entrelasque | Vaguelone | Ville Noire | Forêt Blanche | Rotonbourg | Pavonnay | Amaillide | Ondes-sur-Mer | Arpentières | Papeloa
51%
Le professeur de la Troisième Génération Seko
51%
Ce Pokémon n’évolue que si il est Femelle Apitrini | Apireine | Tritox | Malamandre | Cheniti | Cheniselle | Stalgamin | Momartik
49%
Quel objet permet de sortir rapidement d’une Grotte ou d’une Forêt ? Corde Sortie
49%
Particularité régionale de la Huitième Génération Dynamax | Gigamax
49%
Ce Pokémon ne connaît que l’attaque Trempette Magicarpe
49%
Une des Poké-Montures Légendaires Miraidon | Koraidon
49%
Dans quel Objet sont répertoriés tout les Pokémon ? Pokedex
49%
Si un Pokémon possédait les 18 Types, quel type resterait très efficace contre lui ? Roche
49%
Nombre de Pokémon provenants de la Troisième Génération 135
47%
Un des Champions d’Arène ou Membre du Conseil 4 de type Normal Blanche | Norman | Aloé | Tcheren | Okuba
47%
Un des Champions d’Arène ou Membre du Conseil 4 de type Plante Erika | Flo | Rachid | Amaro | Percy | Colza
47%
Un des Rivaux de la Huitième Génération Nabil | Travis | Rosemary | Sophora | Saturnin
47%
Le Pokémon Légendaire Masque Ogerpon
47%
Un des Champions d’Arène ou Membre du Conseil 4 de type Dragon Sandra | Iris | Watson | Roy | Peter | Aragon | Dracéna | Hassa | Irido
47%
Le Pokémon Seigneur des Récoltes Sylveroy
47%
Le Pokémon Légendaire Terracristal Terapagos
47%
Particularité régionale de la Neuvième Génération Terracristallisation | Orbe Terracristal
47%
Un des Pokémon Légendaires Multigénome Type:0 | Silvallié
47%
Nombre de Pokémon provenants de la Quatrième Génération 107
45%
Nombre de Pokémon provenants de la Sixième Génération 72
45%
Un des Pokémon Légendaires du Quatuor des Fléaux Chongjian | Baojian | Dinglu | Yuyu
45%
Un des Champions d’Arène ou Membre du Conseil 4 de type Poison Koga | Jeannine | Strykna
45%
Un des Champions d’Arène ou Membre du Conseil 4 de type Psy Morgane | Lévy & Tatia | Astera | Tully | Clément | Lucio | Percila
45%
Le créateur de Pokémon Satoshi Tajiri
45%
Particularité Régionale de la Septième Génération Capacités Z | Cristal Z
43%
Un des Champions d’Arène ou Membre du Conseil 4 de type Glace Fredo | Gladys | Zhu | Urup | Lona | Grusha | Olga | Glacia
43%
Un des Champions d’Arène ou Membre du Conseil 4 de type Insecte Hector | Artie | Violette | Éra | Aaron
43%
Un des Champions d’Arène ou Membre du Conseil 4 de type Électrik Major Bob | Voltère | Tanguy | Inezia | Lem | Mashynn
43%
Koraidon et Miraidon serait des formes passé/futur de ce Pokémon Motorizard
43%
A l’aide de quel Objet évolue Kirlia en Gallame ? Pierre Aube
43%
A l’aide de quel Objet évolue Ramoloss en Roigada ? Roche Royale
43%
Team des « Méchants » de la Neuvième Génération Team Star | Star
43%
Un des Champions d’Arène ou Membre du Conseil 4 de type Vol Albert | Alizée | Carolina | Kahili | Okuba
42%
Un des Champions d’Arène ou Membre du Conseil 4 de type Feu Auguste | Adrian | Armando | Kabu | Adrien | Malva | Rubépin
42%
Un des Champions d’Arène ou Membre du Conseil 4 de type Combat Chuck | Bastien | Mélina | Cornélia | Faïza | Aldo | Kunz | Pectorius
42%
Un des Champions d’Arène ou Membre du Conseil 4 de type Sol Giovanni | Bardane | Terry | Cayenn
42%
Ce Pokémon serait une tentative de clonage de Mew ratée Métamorph
42%
Un des Champions d’Arène ou Membre du Conseil 4 de type Spectre Mortimer | Kiméra | Alistair | Laïm | Agatha | Spectra | Anis | Margie
42%
Une des villes de cette région Paddoxton | Brasswick | Greenbury | Skifford | Motorby | Old Chister | Corrifey | Ludester | Smashings | Kickenham | Winscor | Hameau Gelé
42%
Team des « Méchants » de la Huitième Génération Team Yell | Yell
42%
Nombre de Pokémon provenants de la Septième Génération 88
40%
Un des Pokémon Légendaires du Trio des Adoramis Félicanis | Fortusimia | Favianos
40%
Un des Champions d’Arène ou Membre du Conseil 4 de type Acier Jasmine | Charles | Thyméo | Molène | Popi | Nérine
40%
Un des professeurs de la Huitième Génération Magnolia | Sonia
40%
Nombre de Pokémon provenants de la Huitième Génération 96
38%
Un des Antagonistes Principaux de la Huitième Génération Shehroz | Liv | Travis | Jean-Fleuret | Jean-Targe
38%
Une des villes de cette région Lili’i | Ekaeka | Ho’ohale | Ohana | Konikoni | Malié | Kokohio | Village Flottant
36%
Un des Rivaux de la Neuvième Génération Menzi | Pepper | Pania | Roseille | Kassis
36%
Un des Champions d’Arène ou Membre du Conseil 4 de type Ténèbres Peterson | Rosemary | Marion | Damien | Pieris
36%
Nombre de Pokémon provenants de la Neuvième Génération 103
34%
Un des Champions d’Arène ou Membre du Conseil 4 de type Fée Valériane | Sally | Travis | Taro
34%
Un des professeurs de la Neuvième Génération Olim | Turum
32%
Un des Antagonistes Principaux de la Neuvième Génération Cassiopée | Nèflie | Erio | Meloco | Ortega | Brome | IA Olim | IA Turum
25%
Une des villes de cette région Cuchalaga | Plato Real | Sevaro | Mesaledo | Cuencia | Levalendura | Mezcalmora | Alforneira | Jarramanca | Porto Marinada | Pinchoria | Frigao | Jaderaude
23%
Aucun quiz correspondant
Distribution des résultats
% des personnes avec chaque résultat
Percentile par nombre de réponses
Votre historique - résultats
Vous n’avez pas pris ce quiz depuis la dernière actualisation